000 00862nam a2200241 a 4500
999 _c447028
_d447028
003 BLK
005 20230808085731.0
008 220302b bu |||||||||| 00| | bu d
040 _aBLK
041 _aBUL
_cBUL
080 _aБаскетбол
_b796.323
_x(062)
_z796.323(062)
139 _aМеждународен турнир
_bМ 45
245 _aМеждународен турнир по баскетбол - девойки "Старт", VI
_bРусе, 18 - 22 юли 1981 г.
_h[Малотир. изд.]
260 _9441842
_aРусе
_bб. и.
_c1981
300 _a16 с.
_bс ил.
_c21 см
380 _a79
653 7 _9181710
_aбаскетбол
653 7 _9198800
_aтурнири
653 7 _9184678
_aдевойки
852 _bК
_cК 796/799/М 45
942 _cKNG
_n0
_s1
_01
944 _aCR
_c2022-03-02
_k30570
_lМоника Янева